000 00361nam a2200133Ia 4500
008 240624s9999 xx 000 0 und d
041 _aeng
082 _a658.155 CUL
100 _aCULP CHRISTOPHER L
245 _aART OF RISK MANAGEMENT ALTERNATIVE RISK
260 _c2002
_aCanada
_bJohn Wiley and Sons
300 _axvi, : 572 : p. : cm. ; 23
365 _c
_b30
999 _c16321
_d16321